| 000 | 01732cam a2200397 i 4500 | ||
|---|---|---|---|
| 001 | 8278942 | ||
| 003 | EG-GICUC | ||
| 005 | 20260403210208.0 | ||
| 008 | 840302s1930 gw h |w 000 0 ger | ||
| 010 | _a 30016877 | ||
| 035 | _a8278942 | ||
| 040 |
_aDLC _cEG-GiCUC _dEG-GiCUC _bger _erda |
||
| 043 |
_ae------ _ae-au--- |
||
| 082 | 0 | 4 |
_221 _a341.9 _bO S |
| 092 | 0 | 4 | _221 |
| 099 | _aLaw1 11 341.9 O S 1930 | ||
| 110 | 1 |
_aAustro-Hungarian Monarchy. _bMinisterium des K. und K. Hauses und des Äussern. |
|
| 245 | 1 | 0 |
_aOsterreich-Ungarns aussenpolitik von der bosnischen krise 1908 bis zum kriegsausbruch 1914 : _cdiplomatische aktenstücke des österreichisch-ungarischen ministeriums des äussern ausgewählt von Ludwig Bittner, Alfred Francis Pribram, Heinrich Srbik und Hans Uebersberger, bearbeitet / |
| 300 |
_a121 pages _c25 cm. |
||
| 336 |
_atext _btxt |
||
| 504 | _aBibliography: pages 200-250. | ||
| 650 | 0 |
_aWorld War, 1914-1918 _xDiplomatic history. _2qrmak |
|
| 651 | 0 |
_aEurope _xPolitics and government _y20th century. _2qrmak |
|
| 651 | 0 |
_aAustria _xForeign relations _y20th century. _2qrmak |
|
| 700 | 1 |
_aBittner, Ludwig, _d1877- _ecompiler. |
|
| 700 | 1 |
_aUebersberger, Hans, _d1877- _ecompiler. |
|
| 700 | 1 |
_aPribram, Alfred Francis, _d1859- _ecompiler. |
|
| 700 | 1 |
_aSrbik, Heinrich, _critter von, _d1878- _ecompiler. |
|
| 856 | 4 | 0 | _uhttps://fll.law.cu.edu.eg/fulltext/bks/B11-07944.pdf |
| 905 | _a15 | ||
| 906 |
_a0 _bcbc _cpremunv _du _encip _f19 _gy-gencatlg |
||
| 942 |
_2ddc _cBK _e21 _n0 |
||
| 999 |
_c68545 _d68545 |
||